Tragedias troyanas

Salvato in:
Dettagli Bibliografici
Autore principale: Eurípides (Autore)
Natura: Libro
Lingua:spagnolo
Pubblicazione: Madrid RBA Coleccionables 2000
Serie:Historia de la Literatura
Soggetti:
Tags: Aggiungi Tag
Nessun Tag, puoi essere il primo ad aggiungerne!!

MARC

LEADER 00000nam a2200000 a 4500
001 UCH8424
003 CL-VaPUC
008 091127e20000000SP |||||||||||||||||spa|d
020 |a 8447301176 Historia de la Literatura 
020 |a 8447301176 Tragedias troyanas 
082 0 4 |a 882  |b EUR  |2 21 
100 0 |a Eurípides  |e author  |9 269419 
245 1 0 |a Tragedias troyanas 
246 1 0 |a Ifigenia en Aulide 
246 1 0 |a Hécabe 
246 1 0 |a Helena 
246 1 0 |a Electra 
300 |a 249 p 
942 |c BK 
945 |d 20091127 00:00:00 
260 |a Madrid  |b RBA Coleccionables  |c 2000 
650 7 |a DRAMAS GRIEGOS  |2 CL-VaPUC  |9 545014 
650 0 |a Tragedia griega  |9 265362 
650 7 |a LITERATURA GRIEGA  |2 CL-VaPUC  |9 258054 
583 |a last modification  |c 20091127 00:00:00  |k Rodrigo Vera 
490 0 |a Historia de la Literatura 
999 |c 338638  |d 338636